000 01694cam a2200133 4500500
005 20251214002801.0
041 _afre
042 _adc
100 1 0 _aChateau, Dominique
_eauthor
245 0 0 _aLa philosophie du cinéma
260 _bArmand Colin,
_c2010.
520 _aLa rencontre de la philosophie et du cinéma intéresse désormais un nombre sans cesse croissant de chercheurs et d’étudiants. D’un point de vue à la fois historique et critique, Dominique Chateau propose ici un bilan des contributions les plus marquantes à la philosophie du cinéma : celles de Bergson, Benjamin, Eisenstein, Epstein, Bazin, Merleau-Ponty, Mitry, Cavell, Schefer et évidemment Deleuze. Il montre que, sous l’éclairage varié de leur postures respectives, le cinéma a été approché comme un phénomène historique lié à la modernité, un domaine d’expression spécifique ou encore un objet d’expérience où la philosophie autant que son objet peuvent être remis en question. Les grandes tendances de la philosophie (phénoménologie, philosophie analytique, déconstruction, gender studies…) sont aussi présentées sous l’angle de leur apport à la théorie du cinéma. La dernière partie considère un point de vue que la plupart des philosophies du cinéma adoptent, mais qu’on trouve aussi bien dans des discours où la philosophie est au mieux implicite : le point de vue esthétique qui peut nous diriger vers deux problématiques, celle de la réception (le goût, les valeurs, etc.) et celle de la création (l’art, le style, les œuvres). 
856 4 1 _uhttps://shs.cairn.info/philosophies-du-cinema--9782200247928?lang=fr&redirect-ssocas=7080
999 _c1567438
_d1567438